Kokomo Joe the story of the first Japanese American jockey in the United States /

Saved in:
Bibliographic Details
Main Author: Christgau, John
Format: Electronic eBook
Language:English
Published: Lincoln : University of Nebraska Press, c2009.
Subjects:
Online Access:NetLibrary
Click here to view book
MyiLibrary
Tags: Add Tag
No Tags, Be the first to tag this record!
Call Number :SF336.K63 C47 2009eb

MARC

LEADER 00000cam a2200000Ia 4500
001 42058
003 MY-KLNDU
005 20241219003734.0
006 m d
007 cr cnu---unuuu
008 110210s2009 nbuaf ob s000 0beng d
020 |a 9780803222793 (electronic bk.) 
020 |a 0803222793 (electronic bk.) 
035 |a (OCoLC)440810063 
035 |a (OCoLC)ocn440810063 
039 9 |y 201102101512  |z wafi 
040 |a N$T  |b eng  |c N$T  |d OCLCQ  |d EBLCP  |d IDEBK 
043 |a n-us--- 
049 |a MHEA 
050 4 |a SF336.K63  |b C47 2009eb 
082 0 4 |a 798.40092  |a B  |2 22 
100 1 |a Christgau, John. 
245 1 0 |a Kokomo Joe  |h [electronic resource] :  |b the story of the first Japanese American jockey in the United States /  |c John Christgau. 
260 |a Lincoln :  |b University of Nebraska Press,  |c c2009. 
300 |a 1 online resource (xii, 202 p., [4] p. of plates) :  |b ill. 
500 |a "A Bison original"--P. [4] of cover. 
500 |a Description based on print version record. 
504 |a Includes bibliographical references (p. [165]-202). 
505 0 |a The pocket baby -- Kokomo Joe -- Mister Charley -- Brilliant queen -- The Yankee Doodle boys -- Joltin' Joe -- The railbird witch -- The oriental invaders -- Lumberjacks and truckers -- Joe Btfsplk -- Miserable saboteurs -- Nipponese dynamite -- Hoover's lists -- Fibber McGee -- The whiz kid with the jive drive -- The Canadian mounties -- Chester from Gunsmoke -- Stargazers. 
600 1 0 |a Kobuki, Yoshio,  |d 1918-1997. 
650 0 |a Jockeys  |z United States  |v Biography. 
650 0 |a Horse racing  |z United States  |x History. 
650 4 |a Kobuki, Yoshio. 
655 7 |a Electronic books.  |2 local 
776 0 8 |i Print version:  |a Christgau, John.  |t Kokomo Joe.  |d Lincoln : University of Nebraska Press, c2009  |z 9780803218970  |z 0803218974  |w (DLC) 2008037839  |w (OCoLC)245023395 
856 4 0 |3 NetLibrary  |u http://www.netlibrary.com/urlapi.asp?action=summary&v=1&bookid=264659 
856 4 0 |z Click here to view book  |u http://public.eblib.com/EBLPublic/PublicView.do?ptiID=452150 
856 4 0 |3 MyiLibrary  |u http://www.myilibrary.com?id=213093 
938 |a EBL - Ebook Library  |b EBLB  |n EBL452150 
994 |a 92  |b MYMHE 
999 |a vtls000042627  |c 42058  |d 42058